000 00806nam a2200241Ia 4500
005 20220317001210.0
008 160825s2003 ck g 000 0 spa
020 _a9586641309
082 0 4 _a737.49861
_bB15b
110 2 _aBanco de la República
_93413
245 _aBilletes y monedas
_cBanco de la República
_hCD-ROM
250 _a1a. edición
300 _a1 CD-ROM
_bestereo, sonido
_c12 cm
650 1 4 _2LEMB
_aHumanística
_vCD-ROM
650 1 4 _2LEMB
_aHistoria de la moneda
_vCD-ROM
650 1 4 _2LEMB
_aBilletes del banco
_vCD-ROM
_xHistoria
_zColombia
942 _2ddc
_cCDMUL
264 _aBogotá
_bBanco de la República
_c2003
336 _atexto
_btxt
_2rdacontent
337 _asin mediación
_bn
_2rdamedia
338 _avolumen
_bnc
_2rdacarrier
040 _aCO-BoRNBP
_bspa
_erda
_cCO-BoRNBP
999 _c6213
_d6213